[Event "Montevideo Club Atletico"]
[Site "Montevideo"]
[Date "2002.02.06"]
[Round "2"]
[White "Villaverde, Jorge"]
[Black "Cabrera, Aldo"]
[Result "1-0"]
[WhiteElo "1934"]
[BlackElo "1783"]
[PlyCount "57"]
[EventDate "2002.02.05"]
[EventType "swiss"]
[EventRounds "5"]
[EventCountry "URU"]
[SourceTitle "CBM 086 Extra"]
[Source "ChessBase"]
[SourceDate "2002.03.14"]
[SourceVersion "1"]
[SourceVersionDate "2002.03.14"]
[SourceQuality "1"]

1. e4 c5 2. Nf3 d6 3. d4 cxd4 4. Nxd4 Nf6 5. Bd3 a6 6. c4 Bd7 7. 0-0 e6 8. Nc3 Be7 9. Be3 0-0 10. f4 Nc6 11. Rc1 Qc7 12. b3 Rac8 13. g4 b6 14. g5 Ne8 15. Nf3 f6 16. h4 Qb8 17. Rf2 Nc7 18. Rg2 fxg5 19. Nxg5 e5 20. Nd5 Nxd5 21. exd5 Bxg5 22. Rxg5 Nb4 23. Bb1 exf4 24. Bd4 Rf7 25. Qh5 g6 26. Rxg6+ Kf8 27. Rf6 Be8 28. Qxh7 Rxf6 29. Bxf6 1-0